| 000 | 00534nam a22001817a 4500 | ||
|---|---|---|---|
| 999 |
_c525513 _d525513 |
||
| 003 | NUST | ||
| 020 | _a- | ||
| 038 | _aZafar Malik | ||
| 082 |
_a891.491101 _bKAM |
||
| 100 |
_aKamla, Muhammad Hanif Maswali _916413 |
||
| 245 |
_aPay Arshi Lutday Nazara \ _cMuhammad Hanif Kamla Maswali |
||
| 260 |
_aChakwal : _bKashmir Book Depot. ; _c2016. |
||
| 300 | _a265 p. ; | ||
| 500 | _aPaperback | ||
| 880 |
_6100-02\r _aمحمد حنیف کملا مسوالی |
||
| 880 |
_6245-02\r _aپۓ عرشی لٹدے نظارا |
||
| 942 |
_2ddc _cBK |
||